000 00537nam a22001937a 4500
003 BUBTL
008 210719b xxu||||| |||| 00| 0 eng d
020 _a9789849500216
082 _a347.5492 / H139l
100 _94112
_aHalim, Md. Abdul
245 _aThe Legal System of Bangladesh /
_cMd. Abdul Halim
250 _a9th edn.
260 _aDhaka :
_bBeacon Publications,
_cc2020.
300 _a480 p. :
_c22 cm.
650 0 _926
_aLaw
856 _k0
_l0
_yDownload
942 _2ddc
_cBK
999 _c6504
_d6504